| 000 | 00612cam a22002171 4500 | ||
|---|---|---|---|
| 001 | sa 68010896 | ||
| 003 | DLC | ||
| 005 | 20260227112556.0 | ||
| 008 | 900207s1966 ii c 000 1 sano | ||
| 010 | _asa 68010896 | ||
| 035 | _a(OCoLC)21014955 | ||
| 040 |
_aDLC _cWaU _dOCoLC _dDLC |
||
| 042 | _apremarc | ||
| 050 | 0 | 0 |
_aPK3799.V45 _bV3 |
| 100 | 1 | _aVidyabhushan, Visvesvar. | |
| 245 | 1 | 0 |
_aVālmīki-saṃvarddhanam. _bVālmīki-samvardhanam, Sanskrit drama. |
| 260 |
_aCalcutta _c1966 [cover 1967] |
||
| 300 |
_axi, 50 p. _bport. _c22 cm. |
||
| 500 | _aIn Sanskrit. | ||
| 600 | 0 | 0 |
_aVālmīki _xIn literature. |
| 999 |
_c83617 _d83617 |
||